| 000 | 00965nam a22002777a 4500 | ||
|---|---|---|---|
| 001 | 9431 | ||
| 003 | FISKH | ||
| 005 | 20260106154108.0 | ||
| 008 | 260106b cb ||||| |||| 00| 0 eng d | ||
| 020 | _a9781407506586 | ||
| 040 |
_aFISKH _beng _cFISKH _dFISKH |
||
| 050 | _aPZ7 | ||
| 082 | _a823 | ||
| 100 |
_aGoldsack, Gaby _eAuthor |
||
| 245 |
_aRumpelstiltskin : _bStart reading with gold star / _cRetold by Gaby Goldsack ; Illustrated by Emma Lake ; Language consultant: Betty Root |
||
| 260 |
_aNew York : _bParragon , _c2009 |
||
| 300 |
_a29 pages : _bcolor illustrations ; _c19 cm |
||
| 505 | _aJ | ||
| 520 | _aThe miller's daughter has a big problem. The king wants her to spin straw into gold, but she doesn't know how. Maybe a little man called Rumpelstiltskin can help! | ||
| 521 | 8 |
_a500
_bLexile estimate |
|
| 521 | 8 |
_aJ
_bRaz-Plus |
|
| 650 |
_aTale _vFiction |
||
| 700 |
_aLake, Emma _eIllustrator |
||
| 942 |
_2ddc _cBK _n0 |
||
| 999 |
_c9431 _d9431 |
||